Every character in That's Not My Neighbor. - Statistics

General Stats
  • This quiz has been taken 58 times
  • The average score is 15 of 23
Answer Stats
Picture Answer % Correct
Dr. W. Afton
85%
Robertsky Peachman
79%
Albertsky Peachman
77%
Mia Stone
77%
Gloria Schmicht
74%
Lois Stilnsky
74%
Henry
72%
Roman Stilnsky
72%
Steven Rudboys
69%
Francis Mosses
67%
Nacha Mikaelys
67%
Angus Ciprianni
64%
Margarette Bubbles
64%
Alf Cappuccin
62%
Anastacha Mikaelys
62%
Arnold Schmicht
62%
Chester
62%
Izaack Gauss
62%
Elenois Sverchzt
59%
Mclooy Rudboys
59%
Selenne Sverchzt
59%
Clown Man
54%
Rafttellyn Cappuccin
51%
No matching quizzes found
Score Distribution
Percent of People with Each Score
Percentile by Number Answered
Your Score History
You have not taken this quiz